| 000 | 00377nam a2200133 4500 | ||
|---|---|---|---|
| 999 |
_c511920 _d511920 |
||
| 008 | 191022b ||||| |||| 00| 0 eng d | ||
| 100 |
_aSharma, L.K. _912414 |
||
| 245 | _aTwo politicians grow in Houston | ||
| 260 | _bMainstream | ||
| 300 | _a57(41), 28 Sep, 2019: p.17-19. | ||
| 773 | _aMainstream | ||
| 906 | _aIndia - Foreign relations - United States | ||
| 942 |
_2ddc _cAR |
||